Regimiento de caballería (Record no. 1169)

MARC details
000 -CABECERA
campo de control de longitud fija 00581nam a2200169 a 4500
001 - NÚMERO DE CONTROL
campo de control BRCA_1303
005 - FECHA Y HORA DE LA ÚLTIMA TRANSACCIÓN
campo de control 20190320203351.0
008 - DATOS DE LONGITUD FIJA--INFORMACIÓN GENERAL
campo de control de longitud fija 300508s1983----mx-a---###---#000-0#spa-#
050 #4 - SIGNATURA TOPOGRÁFICA DE LA BIBLIOTECA DEL CONGRESO
Número de clasificación UE28
Número de documento/Ítem .R44 1983
245 10 - MENCIÓN DE TÍTULO
Título Regimiento de caballería
Resto del título poco antes de llegar el Virrey Bucareli.
260 ## - PUBLICACIÓN, DISTRIBUCIÓN, ETC.
Lugar de publicación, distribución, etc. México
Nombre del editor, distribuidor, etc. [s.n]
Fecha de publicación, distribución, etc. 1983
300 ## - DESCRIPCIÓN FÍSICA
Extensión 10 hojas sueltas
Otras características físicas il. a color, 8 láminas
Dimensiones 36 cm.
600 14 - PUNTO DE ACCESO ADICIONAL DE MATERIA--NOMBRE DE PERSONA
Nombre de persona Bucareli Ursua, Antonio María de
Títulos y otros términos asociados al nombre Virrey
Fechas asociadas al nombre 1717-1779
9 (RLIN) 4269
650 14 - PUNTO DE ACCESO ADICIONAL DE MATERIA--TÉRMINO DE MATERIA
Término de materia o nombre geográfico como elemento de entrada Caballería
Subdivisión cronológica Siglo XVIII
Subdivisión geográfica México
9 (RLIN) 4270
650 14 - PUNTO DE ACCESO ADICIONAL DE MATERIA--TÉRMINO DE MATERIA
Término de materia o nombre geográfico como elemento de entrada Ejército
Subdivisión general Historia
Subdivisión geográfica México
9 (RLIN) 4271
942 ## - ELEMENTOS DE PUNTO DE ACCESO ADICIONAL (KOHA)
Fuente del sistema de clasificación o colocación Library of Congress Classification
Tipo de ítem Koha Libros
Holdings
Estado de retiro Estado de pérdida Estado dañado No para préstamo Localización permanente Ubicación/localización actual Fecha de adquisición Total de préstamos Signatura topográfica completa Código de barras Fecha visto por última vez Precio válido a partir de Tipo de ítem Koha
El ejemplar forma parte de la colección y puede ser consultado según las políticas vigentes.       Biblioteca del Museo Franz Mayer (Rogerio Casas-Alatriste) Biblioteca del Museo Franz Mayer (Rogerio Casas-Alatriste) 26/06/2008   UE28 .R44 1983 00913 22/03/2019 22/03/2019 Libros